Geography Quiz

Random Geography or State Quiz

States That Border Ohio Quiz Stats

 Plays Quiz Updated Sep 27, 2016

Challenge
Share
Tweet
Embed
Score 0/5 Timer 00:30
7 Plays Today
% Correct
Indiana
94%
Pennsylvania
89.4%
Michigan
84.6%
Kentucky
83.5%
West Virginia
73.8%

You're not logged in!

Compare scores with friends on all Sporcle quizzes.
OR
Log In

You Might Also Like...

Show Comments

Extras

Top Quizzes Today


Score Distribution

Your Account Isn't Verified!

In order to create a playlist on Sporcle, you need to verify the email address you used during registration. Go to your Sporcle Settings to finish the process.

Report this User

Report this user for behavior that violates our Community Guidelines.

Details: